Missing Word: 'D' Bands Quiz Stats

 Plays Quiz Updated Mar 24, 2016

Challenge
Share
Tweet
Embed
Score 0/20 Timer 03:00
0 Plays Today
Band Word % Correct
Grateful _____Dead
98%
_____ LeppardDef
97.5%
Goo Goo _____Dolls
95.4%
Green _____Day
95%
_____ PurpleDeep
92.9%
_____ ChildDestiny's
90.4%
_____ ChicksDixie
90.3%
3 _____ DownDoors
87.2%
_____ PunkDaft
81.7%
_____ ModeDepeche
79.5%
Band Word % Correct
No _____Doubt
76.1%
Panic! at the _____Disco
75.9%
_____ Cab for CutieDeath
74.2%
System Of A _____Down
68.9%
The _____ Clark FiveDave
67.9%
Derek and the _____Dominos
67.5%
_____ Midnight RunnersDexys
59.2%
One _____Direction
56.7%
Joy _____Division
47.4%
_____ AmitriDel
32.8%

Today's Daily Dose

You're not logged in!

Compare scores with friends on all Sporcle quizzes.
Join for Free
OR
Log In

You Might Also Like...

Show Comments

Extras

Top Quizzes Today


Score Distribution

Your Account Isn't Verified!

In order to create a playlist on Sporcle, you need to verify the email address you used during registration. Go to your Sporcle Settings to finish the process.

Report this User

Report this user for behavior that violates our Community Guidelines.

Details: